LEADER 01339nam a2200265 4500 001 000000340558 003 CaOOAMICUS 005 20200611134637.0 008 200611s2017 it 000 u ita r 020 $a978-88-6709-289-5 040 $aSeMil$bita 100 1 $aPerrenoud, Philippe,$d<1944- >.$0(OLS)http://semarc/name/111490 240 10$aQuand l'école prétend préparer à la vie :$bdévelopper des compétences ou enseigner d'autres savoirs ?.$0(OLS)http://semarc/title/429589 245 10$aQuando la scuola ritiene di preparare alla vita : $bsviluppare competenze o insegnare diversi saperi? /$cPhilippe Perrenoud. 264 1$aRoma :$bAnicia,$c2017. 300 $a284 p. ;$c25 cm 650 4$aDidattica.$0(OLS)http://semarc/subject/3696 650 4$aEducazione.$0(OLS)http://semarc/subject/204 830 0$aTeoria e storia dell'educazione ;$v219.$0(OLS)http://semarc/title/45018 850 $aSeMil 852 $aSeMil$W1$xVenegono$y1$m2Q VI 141$j219468$B231637$CSeMilBibl$Z2$F231637 $81 996 $6020$a978-88-6709-289-5$9(OLS)http://semarc/number/290490 996 $6245$aQuando la scuola ritiene di preparare alla vita : $bsviluppare competenze o insegnare diversi saperi?$9(OLS)http://semarc/title/429588 996 $6264$aRoma :$bAnicia$9(OLS)http://semarc/publisher/59012 LEADER 01366nam a2200289 i 4500 001 000000347227 003 CaOOAMICUS 005 20260218145418.0 008 210805s2008 be u000 u fre u 013 $a10600 020 $a978-2-906805-08-8 040 $aSeMil$bita 245 03$aLe décalogue au miroir des Pères /$csous la direction de Rémi Gounelle & Jean-Marc Prieur ; index établis par Françoise Vinel. 264 1$aStrasbourg :$bUniversité Marc Bloch,$c2008. 300 $a308 p. ;$c21 cm. 490 1 $aCahiers de Biblia patristica ;$v9 650 4$aDecalogo - Interpretazione [dei] Padri della Chiesa.$0(OLS)http://semarc/subject/50771 700 1 $aVinel, Françoise,$d<1950- >.$0(OLS)http://semarc/name/10690 700 1 $aPrieur, Jean-Marc,$d<1947-2012>.$0(OLS)http://semarc/name/15003 700 1 $aGounelle, Rémi,$d<1967- >.$0(OLS)http://semarc/name/28507 830 0$aCahiers de Biblia patristica ;$v9.$0(OLS)http://semarc/title/21349 850 $aSeMil 852 $aSeMil$W1$xVenegono$y1$m2BA D 9$j227667$B238290$CSeMilBibl$Z2$F238290 $81 996 $6020$a978-2-906805-08-8$9(OLS)http://semarc/number/293774 996 $6245$aLe décalogue au miroir des Pères$9(OLS)http://semarc/title/436471 996 $6264$aStrasbourg :$bUniversité Marc Bloch$9(OLS)http://semarc/publisher/60018